| 000 | 00509nam a2200169Ia 4500 | ||
|---|---|---|---|
| 008 | 230917s9999||||xx |||||||||||||| ||und|| | ||
| 020 | _cRS 350.00 | ||
| 040 |
_e5005562 _aMAIN |
||
| 041 | _aEnglish | ||
| 082 | _a320.50954 M474F | ||
| 100 | _aMehta, V R | ||
| 245 | 0 | _aFoundations of Indian political thought: An interpretation From Manu to the present day | |
| 260 |
_aNew Delhi _bMonohar Publishers _c2022 |
||
| 300 | _a306 p. | ||
| 500 | _a4372 14/01/2022 MPD22/2723 17/02/2022 Main Budget | ||
| 942 | _cBK | ||
| 999 |
_c4528 _d4528 |
||